Obal - samozrejmosť vytvárajúca problém

Charakteristika obalu podľa zákona č. 529/2002 Z.z. o obaloch. Základné funkcie obalu - ochranná, manipulačná, informačná, propagačná, ekonomická a ekologická. Význam ekologickej funkcie obalu. Ekológia obalov. Je obal potrebný a vyrobený úsporne. Je obal opätovne použiteľný. Je obal ľahko recyklova...

Ausführliche Beschreibung

Gespeichert in:
Bibliographische Detailangaben
1. Verfasser: Urblíková, Daniela
Weitere Verfasser: Gajdoš, Jozef, 1962-2025
Format: Buchkapitel
Sprache:Slowakisch
Schlagworte:
Tags: Tag hinzufügen
Keine Tags, Fügen Sie das erste Tag hinzu!

MARC

LEADER 00000naa$a2200000$$$4500
001 0050994
005 20240502083134.9
041 0 |a slo 
044 |a UA 
245 1 0 |a Obal - samozrejmosť vytvárajúca problém  |c Daniela Urblíková, Jozef Gajdoš 
520 |a Charakteristika obalu podľa zákona č. 529/2002 Z.z. o obaloch. Základné funkcie obalu - ochranná, manipulačná, informačná, propagačná, ekonomická a ekologická. Význam ekologickej funkcie obalu. Ekológia obalov. Je obal potrebný a vyrobený úsporne. Je obal opätovne použiteľný. Je obal ľahko recyklovateľný. Koľko platíme za obaly. Najlepší spôsob pre životné prostredie a naše peniaze je bezobalová distribúcia. 
610 2 0 |a obaly 
610 2 0 |a ceny 
610 2 0 |a prostredie životné 
610 2 0 |a ochrana prostredia životného 
610 2 0 |a recyklácia odpadu 
100 1 |a Urblíková, Daniela 
700 1 |a Gajdoš, Jozef, 1962-2025